000 01064nam a22001817a 4500
005 20241010143301.0
008 241010b ||||| |||| 00| 0 eng d
040 _cSSBUL
082 _223
_a၂၉၄.၃၄၃၅၀၉ စေ
_b၁၃၁၇၅ S-SAT
100 0 _aစေတနာ၊ မောင်။
_917382
245 1 _aမွန်ပြည်နယ် ပေါင်မြို့နယ် ဆကေသ မဟာဓာတုဝင် ဇင်းကျိုက်ဆံတော်ရှင် ဘုရားသမိုင်း /
_cမောင်စေတနာ။
250 _aဒုတိယအကြိမ်။
260 _a[ထုတ်ဝေသည့်နေရာမပါ] ၊
_bခိုင်ပုံနိပ်တိုက်၊
_c၁၉၉၆။
300 _a၈၃ စာမျက်နှာ ၊
_bဓာတ်ပုံ ၊
_c၁၈ စင်တီ။
500 _aS-SAT: Dr. Sai Aung Tun
650 _aဇင်းကျိုက်ဆံတော်ရှင်ဘုရား
_vသမိုင်း
_955009
942 _2ddc
_cBK1
999 _c40966
_d40966